[Event "European Team-ch 2007"]
[Site "Crete GRE"]
[Date "2007.10.28"]
[Round "1.15"]
[White "Dutreeuw, Marc"]
[Black "Kritz, Leonid"]
[Result "0-1"]
[WhiteElo "2391"]
[BlackElo "2596"]
[PlyCount "64"]
[EventDate "2007.10.28"]
[EventType "team"]
[EventRounds "9"]
[EventCountry "GRE"]
[Source "lmi"]
[SourceDate "2007.10.28"]
[WhiteTeam "Belgium"]
[BlackTeam "Germany"]
[WhiteTeamCountry "BEL"]
[BlackTeamCountry "GER"]

1. e4 c5 2. Nf3 Nc6 3. d4 cxd4 4. Nxd4 Qb6 5. Nb3 Nf6 6. Nc3 e6 7. a3 Be7 8.
Bf4 O-O 9. Bd6 Ng4 10. Bg3 Nf6 11. Bd6 a6 12. Be2 Ne8 13. Bxe7 Nxe7 14. Qd4 Qc7
15. O-O d6 16. Rfd1 Bd7 17. Nd2 Nc6 18. Qe3 Na5 19. b4 Rc8 20. Na2 Nc6 21. c4
Nf6 22. Nc3 Ne5 23. Rac1 Qb8 24. h3 Rfd8 25. Bf1 Be8 26. g3 b5 27. cxb5 Bxb5
28. f4 Neg4 29. hxg4 Nxg4 30. Qf3 Qa7+ 31. Kh1 Nf2+ 32. Kg2 Nxd1 0-1

[Event "European Team-ch 2007"]
[Site "Crete GRE"]
[Date "2007.10.28"]
[Round "1.15"]
[White "Buhmann, Rainer"]
[Black "Laurent, Bruno"]
[Result "1-0"]
[WhiteElo "2567"]
[BlackElo "2359"]
[PlyCount "49"]
[EventDate "2007.10.28"]
[EventType "team"]
[EventRounds "9"]
[EventCountry "GRE"]
[Source "lmi"]
[SourceDate "2007.10.28"]
[WhiteTeam "Germany"]
[BlackTeam "Belgium"]
[WhiteTeamCountry "GER"]
[BlackTeamCountry "BEL"]

1. Nf3 Nf6 2. c4 g6 3. Nc3 Bg7 4. e4 d6 5. d4 O-O 6. Be2 Na6 7. O-O e5 8. Bg5
Bg4 9. dxe5 dxe5 10. Nxe5 Qxd1 11. Bxd1 Bxd1 12. Raxd1 Rfe8 13. Bxf6 Bxf6 14.
Nd7 Bg7 15. f4 c6 16. e5 Rac8 17. Ne4 Re7 18. Rf3 Nc7 19. Rfd3 Ne6 20. g3 h6
21. Kg2 Kh8 22. c5 Ra8 23. Kf3 Nc7 24. Ndf6 Ne6 25. Rd7 1-0

[Event "European Team-ch 2007"]
[Site "Crete GRE"]
[Date "2007.10.28"]
[Round "1.15"]
[White "Gulbas, Cemil"]
[Black "Baramidze, David"]
[Result "0-1"]
[WhiteElo "2365"]
[BlackElo "2569"]
[PlyCount "58"]
[EventDate "2007.10.28"]
[EventType "team"]
[EventRounds "9"]
[EventCountry "GRE"]
[Source "lmi"]
[SourceDate "2007.10.28"]
[WhiteTeam "Belgium"]
[BlackTeam "Germany"]
[WhiteTeamCountry "BEL"]
[BlackTeamCountry "GER"]

1. e4 c5 2. Nf3 d6 3. d4 cxd4 4. Nxd4 Nf6 5. Nc3 Nc6 6. Bg5 e6 7. Qd2 Be7 8.
O-O-O Nxd4 9. Qxd4 O-O 10. f4 Qa5 11. Bb5 Rd8 12. Qa4 Qc7 13. Rhe1 h6 14. Bh4
a6 15. e5 dxe5 16. Rxd8+ Qxd8 17. fxe5 Nd5 18. Bxe7 Qxe7 19. Nxd5 exd5 20. Bd3
Qg5+ 21. Kb1 Be6 22. Qb4 Qxg2 23. Qxb7 Rc8 24. Qxa6 Qxh2 25. Qd6 h5 26. b4 Qd2
27. Rf1 Qc3 28. b5 d4 29. a3 Bc4 0-1

[Event "European Team-ch 2007"]
[Site "Crete GRE"]
[Date "2007.10.28"]
[Round "1.16"]
[White "Muir, Andrew J"]
[Black "Jones, Gawain C B"]
[Result "0-1"]
[WhiteElo "2367"]
[BlackElo "2567"]
[PlyCount "46"]
[EventDate "2007.10.28"]
[EventType "team"]
[EventRounds "9"]
[EventCountry "GRE"]
[Source "lmi"]
[SourceDate "2007.10.28"]
[WhiteTeam "Scotland"]
[BlackTeam "England"]
[WhiteTeamCountry "SCO"]
[BlackTeamCountry "ENG"]

1. d4 Nf6 2. c4 g6 3. Nc3 Bg7 4. e4 d6 5. f3 O-O 6. Be3 c5 7. d5 e6 8. Nge2
exd5 9. cxd5 a6 10. a4 Nbd7 11. Ng3 h5 12. Bg5 Qa5 13. Qd2 b5 14. Be2 c4 15.
O-O b4 16. Na2 Rb8 17. Be3 h4 18. Nh1 Qxa4 19. Rfc1 a5 20. Rxc4 Ba6 21. Bd1 Qb5
22. Rac1 b3 23. Be2 bxa2 0-1

[Event "European Team-ch 2007"]
[Site "Crete GRE"]
[Date "2007.10.28"]
[Round "1.16"]
[White "Pert, Nicholas"]
[Black "Ruxton, Keith"]
[Result "1-0"]
[WhiteElo "2539"]
[BlackElo "2314"]
[PlyCount "34"]
[EventDate "2007.10.28"]
[EventType "team"]
[EventRounds "9"]
[EventCountry "GRE"]
[Source "lmi"]
[SourceDate "2007.10.28"]
[WhiteTeam "England"]
[BlackTeam "Scotland"]
[WhiteTeamCountry "ENG"]
[BlackTeamCountry "SCO"]

1. d4 Nf6 2. Nf3 g6 3. c4 Bg7 4. g3 O-O 5. Bg2 d6 6. O-O Nbd7 7. Nc3 e5 8. h3
a6 9. dxe5 dxe5 10. Be3 c6 11. Qb3 Qe7 12. Rfd1 Ne8 13. c5 Nc7 14. Rac1 Nf6 15.
Bg5 Ne6 16. Bxf6 Bxf6 17. Ne4 Bg7 1-0

[Event "European Team-ch 2007"]
[Site "Crete GRE"]
[Date "2007.10.28"]
[Round "1.16"]
[White "Grant, Jonathan"]
[Black "Hebden, Mark L"]
[Result "0-1"]
[WhiteElo "2261"]
[BlackElo "2542"]
[PlyCount "74"]
[EventDate "2007.10.28"]
[EventType "team"]
[EventRounds "9"]
[EventCountry "GRE"]
[Source "lmi"]
[SourceDate "2007.10.28"]
[WhiteTeam "Scotland"]
[BlackTeam "England"]
[WhiteTeamCountry "SCO"]
[BlackTeamCountry "ENG"]

1. c4 g6 2. Nc3 Bg7 3. g3 Nf6 4. Bg2 O-O 5. e4 c5 6. Nge2 Nc6 7. d3 a6 8. O-O
Rb8 9. a4 d6 10. h3 Ne8 11. Be3 e5 12. Nd5 Nc7 13. Qd2 b5 14. axb5 axb5 15. b3
Ne6 16. Kh2 Ned4 17. Nxd4 Nxd4 18. Bxd4 exd4 19. Ra7 Bb7 20. Kg1 bxc4 21. bxc4
Bxd5 22. exd5 Rb3 23. Re1 Qf6 24. Rae7 Qf5 25. Bf1 h5 26. Re8 Rxe8 27. Rxe8+
Kh7 28. Re4 Bh6 29. Qe2 Rb1 30. Re7 Bg5 31. Ra7 Qxh3 32. Rxf7+ Kh6 33. Rb7 Rc1
34. Rf7 h4 35. gxh4 Bxh4 36. Rf3 Rxf1+ 37. Qxf1 Qxf3 0-1

[Event "European Team-ch 2007"]
[Site "Crete GRE"]
[Date "2007.10.28"]
[Round "1.16"]
[White "Conquest, Stuart C"]
[Black "Morrison, Graham"]
[Result "1/2-1/2"]
[WhiteElo "2540"]
[BlackElo "2322"]
[PlyCount "109"]
[EventDate "2007.10.28"]
[EventType "team"]
[EventRounds "9"]
[EventCountry "GRE"]
[Source "lmi"]
[SourceDate "2007.10.28"]
[WhiteTeam "England"]
[BlackTeam "Scotland"]
[WhiteTeamCountry "ENG"]
[BlackTeamCountry "SCO"]

1. e4 c5 2. Nf3 e6 3. d4 cxd4 4. Nxd4 Nc6 5. Nc3 d6 6. g4 a6 7. Be3 Nge7 8. Bg2
Nxd4 9. Qxd4 Nc6 10. Qd2 Ne5 11. Qe2 Qc7 12. O-O Bd7 13. a4 Rc8 14. Kh1 h5 15.
gxh5 Qa5 16. Bf4 Nc4 17. Rab1 Qxh5 18. Bf3 Qh4 19. Bg3 Qg5 20. Rg1 Qd2 21. Rgd1
Qxe2 22. Bxe2 Ne5 23. Rd4 g5 24. Rbd1 Rc7 25. Kg2 Be7 26. R4d2 Rc5 27. Rd4 f6
28. f3 Kf7 29. Rb4 Rc7 30. Rb3 Bc6 31. Rd4 Kg6 32. Rd2 Kg7 33. a5 Rf8 34. h3
Rh8 35. Nd1 f5 36. Nf2 f4 37. Bh2 Ng6 38. Bg1 Rhc8 39. c4 Be8 40. Ng4 e5 41.
Bb6 Rc6 42. c5 Bf7 43. Rc3 Be6 44. Bc4 Bxc4 45. Rxc4 Kf7 46. Rd5 Ke6 47. b4 Nf8
48. Rc2 Nd7 49. Rcd2 Bf8 50. Kf2 Be7 51. Ke2 Bf8 52. Rd1 Be7 53. R1d2 Bf8 54.
Kf2 Be7 55. Kg2 1/2-1/2

[Event "European Team-ch 2007"]
[Site "Crete GRE"]
[Date "2007.10.28"]
[Round "1.17"]
[White "Kotronias, Vasilios"]
[Black "Berend, Fred"]
[Result "1-0"]
[WhiteElo "2614"]
[BlackElo "2344"]
[PlyCount "63"]
[EventDate "2007.10.28"]
[EventType "team"]
[EventRounds "9"]
[EventCountry "GRE"]
[Source "lmi"]
[SourceDate "2007.10.28"]
[WhiteTeam "Greece"]
[BlackTeam "Luxembourg"]
[WhiteTeamCountry "GRE"]
[BlackTeamCountry "LUX"]

1. e4 e5 2. Nf3 Nc6 3. Bb5 a6 4. Ba4 Nf6 5. O-O Be7 6. Re1 b5 7. Bb3 d6 8. c3
O-O 9. h3 Bb7 10. d4 Re8 11. Nbd2 Bf8 12. a4 h6 13. Bc2 exd4 14. cxd4 Nb4 15.
Bb1 c5 16. d5 Nd7 17. Ra3 c4 18. axb5 axb5 19. Nd4 Qb6 20. Nf5 Ne5 21. Rg3 g6
22. Nf3 Ned3 23. Be3 Qd8 24. Bxh6 Qf6 25. N3h4 Bxd5 26. Qh5 Re6 27. Bd2 Bg7 28.
Bc3 Re5 29. Bxe5 Nxe5 30. Nxg7 Kxg7 31. Nf5+ Kg8 32. exd5 1-0

[Event "European Team-ch 2007"]
[Site "Crete GRE"]
[Date "2007.10.28"]
[Round "1.17"]
[White "Brittner, Serge"]
[Black "Banikas, Hristos"]
[Result "0-1"]
[WhiteElo "2274"]
[BlackElo "2591"]
[PlyCount "51"]
[EventDate "2007.10.28"]
[EventType "team"]
[EventRounds "9"]
[EventCountry "GRE"]
[Source "lmi"]
[SourceDate "2007.10.28"]
[WhiteTeam "Luxembourg"]
[BlackTeam "Greece"]
[WhiteTeamCountry "LUX"]
[BlackTeamCountry "GRE"]

1. d4 Nf6 2. c4 e6 3. Nc3 Bb4 4. Qc2 Bxc3+ 5. Qxc3 b6 6. Bg5 Bb7 7. f3 d6 8. e4
c5 9. dxc5 bxc5 10. Bd3 Nc6 11. Be3 a5 12. Ne2 Ba6 13. O-O Qb6 14. Rab1 Ne5 15.
b3 a4 16. b4 cxb4 17. Qd2 Qc7 18. Rxb4 d5 19. Bf4 Qa7+ 20. Be3 Qe7 21. Nc1 Bxc4
22. Bd4 Nc6 23. Bxf6 Qxf6 24. Bxc4 Nxb4 25. exd5 Nxd5 26. Bxd5 0-1

[Event "European Team-ch 2007"]
[Site "Crete GRE"]
[Date "2007.10.28"]
[Round "1.17"]
[White "Mastrovasilis, Dimitrios"]
[Black "Weber, Jean-Marie"]
[Result "1-0"]
[WhiteElo "2559"]
[BlackElo "2248"]
[PlyCount "71"]
[EventDate "2007.10.28"]
[EventType "team"]
[EventRounds "9"]
[EventCountry "GRE"]
[Source "lmi"]
[SourceDate "2007.10.28"]
[WhiteTeam "Greece"]
[BlackTeam "Luxembourg"]
[WhiteTeamCountry "GRE"]
[BlackTeamCountry "LUX"]

1. e4 c5 2. Nf3 d6 3. d4 cxd4 4. Nxd4 Nf6 5. f3 e5 6. Nb3 Be7 7. c4 a5 8. Be3
a4 9. N3d2 Qa5 10. Be2 O-O 11. O-O Bd8 12. c5 dxc5 13. Nc4 Qc7 14. Nc3 b6 15.
Nxa4 b5 16. Ncb6 bxa4 17. Nxa8 Qa7 18. b4 Qxa8 19. Bxc5 Re8 20. Rc1 Be6 21. Bb5
Nfd7 22. Qxa4 Qxa4 23. Bxa4 Bg5 24. Rc2 Rc8 25. Bd6 Be3+ 26. Kh1 Rxc2 27. Bxc2
Nc6 28. Ba4 Nd4 29. Bxd7 Bxd7 30. Bxe5 Bb5 31. Rd1 Ne6 32. Rd5 Bc4 33. Ra5 f6
34. Bd6 Nd4 35. Bc5 Kf7 36. b5 1-0

[Event "European Team-ch 2007"]
[Site "Crete GRE"]
[Date "2007.10.28"]
[Round "1.17"]
[White "Gengler, Pierre"]
[Black "Papaioannou, Ioannis"]
[Result "0-1"]
[WhiteElo "2195"]
[BlackElo "2573"]
[PlyCount "72"]
[EventDate "2007.10.28"]
[EventType "team"]
[EventRounds "9"]
[EventCountry "GRE"]
[Source "lmi"]
[SourceDate "2007.10.28"]
[WhiteTeam "Luxembourg"]
[BlackTeam "Greece"]
[WhiteTeamCountry "LUX"]
[BlackTeamCountry "GRE"]

1. e4 c6 2. d4 d5 3. Nc3 dxe4 4. Nxe4 Nf6 5. Nxf6+ gxf6 6. Nf3 Bg4 7. g3 Bxf3
8. Qxf3 Qxd4 9. Bg2 Qe5+ 10. Be3 Bh6 11. O-O Bxe3 12. Rae1 Bxf2+ 13. Qxf2 Qd6
14. Bh3 Na6 15. Kh1 O-O 16. Re4 Kh8 17. Rfe1 Qc5 18. Qxc5 Nxc5 19. Rxe7 a5 20.
Kg1 Rad8 21. a3 a4 22. b4 axb3 23. cxb3 Nxb3 24. Rxb7 Nd4 25. Bg2 Kg7 26. Rc7
Rd6 27. Ree7 Nb5 28. Rxc6 Rxc6 29. Bxc6 Nxa3 30. Bd5 Nc2 31. Kf2 Nb4 32. Be4
Rd8 33. Rb7 Na6 34. Rb2 Nc5 35. Bf5 Rd5 36. g4 Rxf5+ 0-1

[Event "European Team-ch 2007"]
[Site "Crete GRE"]
[Date "2007.10.28"]
[Round "1.18"]
[White "Jones, Richard S"]
[Black "Kozul, Zdenko"]
[Result "0-1"]
[WhiteElo "2327"]
[BlackElo "2609"]
[PlyCount "88"]
[EventDate "2007.10.28"]
[EventType "team"]
[EventRounds "9"]
[EventCountry "GRE"]
[Source "lmi"]
[SourceDate "2007.10.28"]
[WhiteTeam "Wales"]
[BlackTeam "Croatia"]
[WhiteTeamCountry "WLS"]
[BlackTeamCountry "CRO"]

1. e4 c5 2. Nf3 Nc6 3. d4 cxd4 4. Nxd4 Qb6 5. Nb3 Nf6 6. Nc3 e6 7. Be3 Qc7 8.
f4 d6 9. Qf3 a6 10. g4 b5 11. g5 Nd7 12. Bd3 Bb7 13. Qh3 g6 14. O-O-O Nb4 15.
Kb1 Nxd3 16. cxd3 b4 17. Ne2 a5 18. Nbd4 Nc5 19. Nb5 Qd7 20. Bd4 e5 21. Qxd7+
Nxd7 22. Be3 Rb8 23. Rc1 h6 24. gxh6 Ke7 25. fxe5 dxe5 26. Ba7 Rc8 27. Rxc8
Bxc8 28. Nc7 Bxh6 29. Nd5+ Kd6 30. h4 Ba6 31. Rh3 Bg5 32. Bf2 Bd8 33. Kc2 Nf6
34. Nxf6 Bxf6 35. Ng1 Bc8 36. Rf3 Bxh4 37. Bxh4 Rxh4 38. Rxf7 Rh2+ 39. Kc1 Be6
40. Rf6 Rg2 41. Rf1 Bxa2 42. Nf3 a4 43. Nh4 Rg4 44. Nf3 Rf4 0-1

[Event "European Team-ch 2007"]
[Site "Crete GRE"]
[Date "2007.10.28"]
[Round "1.18"]
[White "Palac, Mladen"]
[Black "Kett, Tim"]
[Result "1-0"]
[WhiteElo "2567"]
[BlackElo "2257"]
[PlyCount "71"]
[EventDate "2007.10.28"]
[EventType "team"]
[EventRounds "9"]
[EventCountry "GRE"]
[Source "lmi"]
[SourceDate "2007.10.28"]
[WhiteTeam "Croatia"]
[BlackTeam "Wales"]
[WhiteTeamCountry "CRO"]
[BlackTeamCountry "WLS"]

1. e4 e5 2. Nf3 Nc6 3. Bb5 Nd4 4. Nxd4 exd4 5. Bc4 Qh4 6. d3 Bc5 7. Nd2 d6 8.
O-O Nf6 9. Nf3 Qh5 10. h3 O-O 11. Re1 Be6 12. e5 Nd5 13. Bd2 Rae8 14. Re4 f5
15. exf6 Ne3 16. Rxe6 d5 17. Rxe8 Nxd1 18. Re5 Qg6 19. Bxd5+ Kh8 20. Be4 Qxf6
21. Rxc5 Nxb2 22. Rb1 Qd6 23. Ra5 Qb6 24. Ne5 Re8 25. f4 c5 26. Ra3 c4 27. Nxc4
Qc5 28. Rxb2 Rxe4 29. Ra5 Qc7 30. dxe4 Qxc4 31. Rxb7 h6 32. Rb4 Qxc2 33. Rxd4
Qc7 34. Kh2 g5 35. Rad5 Qc2 36. Rd7 1-0

[Event "European Team-ch 2007"]
[Site "Crete GRE"]
[Date "2007.10.28"]
[Round "1.18"]
[White "Morris, Charles F"]
[Black "Zelcic, Robert"]
[Result "0-1"]
[WhiteElo "2198"]
[BlackElo "2578"]
[PlyCount "46"]
[EventDate "2007.10.28"]
[EventType "team"]
[EventRounds "9"]
[EventCountry "GRE"]
[Source "lmi"]
[SourceDate "2007.10.28"]
[WhiteTeam "Wales"]
[BlackTeam "Croatia"]
[WhiteTeamCountry "WLS"]
[BlackTeamCountry "CRO"]

1. Nf3 d5 2. d4 Nf6 3. c4 e6 4. Nc3 c6 5. Bg5 Nbd7 6. e3 Qa5 7. Nd2 Bb4 8. Be2
Bxc3 9. bxc3 Ne4 10. Nxe4 dxe4 11. Bf4 e5 12. Bg3 Qxc3+ 13. Kf1 O-O 14. Rc1 Qa5
15. Qb3 Re8 16. h4 exd4 17. exd4 c5 18. d5 Nf6 19. Bf4 Bg4 20. Bxg4 Nxg4 21. d6
e3 22. Bxe3 Rxe3 23. Qxb7 Rae8 0-1

[Event "European Team-ch 2007"]
[Site "Crete GRE"]
[Date "2007.10.28"]
[Round "1.19"]
[White "Beliavsky, Alexander G"]
[Black "Efimov, Igor"]
[Result "1-0"]
[WhiteElo "2646"]
[BlackElo "2446"]
[PlyCount "53"]
[EventDate "2007.10.28"]
[EventType "team"]
[EventRounds "9"]
[EventCountry "GRE"]
[Source "lmi"]
[SourceDate "2007.10.28"]
[WhiteTeam "Slovenija"]
[BlackTeam "Monaco"]
[WhiteTeamCountry "SLO"]
[BlackTeamCountry "MNC"]

1. d4 e6 2. c4 c5 3. d5 exd5 4. cxd5 d6 5. e4 g6 6. Bd2 Nf6 7. Bc3 Bg7 8. Bd3
O-O 9. Ne2 b5 10. a3 Nbd7 11. O-O a6 12. b4 Qb6 13. Nd2 Bb7 14. h3 Rac8 15. Rc1
Rfe8 16. Bb1 Re7 17. Kh2 Rce8 18. Ng3 h5 19. Nf3 Nh7 20. Qd2 Qd8 21. Bxg7 Kxg7
22. Rc3 f6 23. Nh4 Rf7 24. Nxg6 Kxg6 25. e5+ f5 26. e6 Rff8 27. Nxf5 1-0

[Event "European Team-ch 2007"]
[Site "Crete GRE"]
[Date "2007.10.28"]
[Round "1.19"]
[White "Van Hoolandt, Patrick"]
[Black "Tratar, Marko"]
[Result "0-1"]
[WhiteElo "2245"]
[BlackElo "2502"]
[PlyCount "108"]
[EventDate "2007.10.28"]
[EventType "team"]
[EventRounds "9"]
[EventCountry "GRE"]
[Source "lmi"]
[SourceDate "2007.10.28"]
[WhiteTeam "Monaco"]
[BlackTeam "Slovenija"]
[WhiteTeamCountry "MNC"]
[BlackTeamCountry "SLO"]

1. d4 d6 2. c4 g6 3. Nc3 Bg7 4. e4 e5 5. Be3 Nd7 6. Nf3 Ngf6 7. Be2 O-O 8. O-O
Re8 9. d5 Nh5 10. g3 Bf8 11. Ne1 Ng7 12. Nd3 f5 13. f3 Be7 14. Qd2 Nf6 15. Nf2
Nfh5 16. Nd3 Nf6 17. Nf2 h5 18. Qd1 Nh7 19. Qc1 Rf8 20. c5 h4 21. cxd6 cxd6 22.
g4 Bd7 23. Kg2 Bg5 24. h3 a6 25. Nd3 Rc8 26. Qd2 Qe7 27. Rac1 fxg4 28. fxg4
Bxe3 29. Qxe3 Ng5 30. Rxf8+ Rxf8 31. Rf1 Rxf1 32. Bxf1 Ne8 33. Be2 Qd8 34. a3
Kg7 35. Ne1 Qf6 36. Nf3 Nxf3 37. Qxf3 Qg5 38. Qf2 Nf6 39. Kh2 Qf4+ 40. Qxf4
exf4 41. Kg2 Nh7 42. Nb1 Ng5 43. Nd2 Kf6 44. Bf1 Bb5 45. Bxb5 axb5 46. a4 bxa4
47. Nc4 Nxe4 48. Kf3 b5 49. Na3 Ke5 50. Nxb5 Nd2+ 51. Ke2 Nc4 52. Kd3 Nxb2+ 53.
Kc2 f3 54. Kd2 Nc4+ 0-1

[Event "European Team-ch 2007"]
[Site "Crete GRE"]
[Date "2007.10.28"]
[Round "1.19"]
[White "Lenic, Luka"]
[Black "Iclicki, Willy"]
[Result "1-0"]
[WhiteElo "2531"]
[BlackElo "2147"]
[PlyCount "39"]
[EventDate "2007.10.28"]
[EventType "team"]
[EventRounds "9"]
[EventCountry "GRE"]
[Source "lmi"]
[SourceDate "2007.10.28"]
[WhiteTeam "Slovenija"]
[BlackTeam "Monaco"]
[WhiteTeamCountry "SLO"]
[BlackTeamCountry "MNC"]

1. d4 d5 2. c4 c6 3. Nf3 Nf6 4. e3 e6 5. Nc3 Nbd7 6. Qc2 Bd6 7. g4 h6 8. Rg1
dxc4 9. Bxc4 Nd5 10. Ne4 N7b6 11. Nxd6+ Qxd6 12. Be2 Bd7 13. Bd2 O-O-O 14. e4
Ne7 15. Qc5 Qxc5 16. dxc5 Na8 17. Ne5 Rdf8 18. O-O-O f6 19. Nxd7 Kxd7 20. Bxh6+
1-0

[Event "European Team-ch 2007"]
[Site "Crete GRE"]
[Date "2007.10.28"]
[Round "1.19"]
[White "Rapaire, Jean-Michel"]
[Black "Borisek, Jure"]
[Result "0-1"]
[WhiteElo "1966"]
[BlackElo "2508"]
[PlyCount "54"]
[EventDate "2007.10.28"]
[EventType "team"]
[EventRounds "9"]
[EventCountry "GRE"]
[Source "lmi"]
[SourceDate "2007.10.28"]
[WhiteTeam "Monaco"]
[BlackTeam "Slovenija"]
[WhiteTeamCountry "MNC"]
[BlackTeamCountry "SLO"]

1. e4 c5 2. Nf3 d6 3. Bb5+ Nd7 4. O-O Ngf6 5. Re1 a6 6. Bf1 b5 7. e5 dxe5 8.
Nxe5 Bb7 9. h3 e6 10. a4 Nxe5 11. Rxe5 Bd6 12. Re1 Bc7 13. d3 O-O 14. axb5 Qd6
15. f4 axb5 16. Rxa8 Rxa8 17. Nc3 Bc6 18. Be3 e5 19. Ne2 Nd5 20. Bf2 exf4 21.
c4 Ne3 22. Bxe3 fxe3 23. g3 Qf6 24. Nf4 Bxf4 25. gxf4 Qxf4 26. Qe2 Qg3+ 27. Bg2
Bxg2 0-1

[Event "European Team-ch 2007"]
[Site "Crete GRE"]
[Date "2007.10.28"]
[Round "1.20"]
[White "Savva, Panikos"]
[Black "Hansen, Lars Bo"]
[Result "0-1"]
[WhiteElo "2099"]
[BlackElo "2572"]
[PlyCount "78"]
[EventDate "2007.10.28"]
[EventType "team"]
[EventRounds "9"]
[EventCountry "GRE"]
[Source "lmi"]
[SourceDate "2007.10.28"]
[WhiteTeam "Cyprus"]
[BlackTeam "Denmark"]
[WhiteTeamCountry "CYP"]
[BlackTeamCountry "DEN"]

1. d4 d5 2. Nf3 Nf6 3. c4 c6 4. Nc3 dxc4 5. e4 b5 6. a4 b4 7. Na2 Nxe4 8. Nxb4
Qa5 9. Bd2 Nxd2 10. Qxd2 e6 11. Nc2 Qxd2+ 12. Nxd2 Na6 13. Bxc4 Rb8 14. b3 Nb4
15. Rc1 Na2 16. Ra1 Nc3 17. O-O Bd6 18. Rfe1 O-O 19. Ne4 Nxe4 20. Rxe4 Bb7 21.
Re2 c5 22. dxc5 Bxc5 23. Rd1 Rfc8 24. Red2 g6 25. h3 Bb6 26. Ne3 h5 27. Bb5
Bxe3 28. fxe3 Bd5 29. b4 Rc3 30. Rd3 Rxd3 31. Rxd3 Rc8 32. Rd2 Rc1+ 33. Kf2 Rb1
34. Rd4 f5 35. Be2 Rb2 36. g4 fxg4 37. hxg4 h4 38. e4 Bb3 39. Rd3 Rxe2+ 0-1

[Event "European Team-ch 2007"]
[Site "Crete GRE"]
[Date "2007.10.28"]
[Round "1.20"]
[White "Hansen, Sune Berg"]
[Black "Antoniou, Antonis"]
[Result "1/2-1/2"]
[WhiteElo "2564"]
[BlackElo "2163"]
[PlyCount "100"]
[EventDate "2007.10.28"]
[EventType "team"]
[EventRounds "9"]
[EventCountry "GRE"]
[Source "lmi"]
[SourceDate "2007.10.28"]
[WhiteTeam "Denmark"]
[BlackTeam "Cyprus"]
[WhiteTeamCountry "DEN"]
[BlackTeamCountry "CYP"]

1. e4 e5 2. Nf3 Nc6 3. Bc4 Bc5 4. c3 Nf6 5. d3 d6 6. h3 h6 7. Nbd2 Bb6 8. Bb3
Ne7 9. Nc4 Ng6 10. O-O O-O 11. Re1 Nh7 12. d4 Qf6 13. a4 c6 14. Nxb6 axb6 15.
Be3 Nf4 16. Bc4 b5 17. Bxf4 Qxf4 18. axb5 Rxa1 19. Qxa1 Bxh3 20. Qc1 Qxc1 21.
Rxc1 Bg4 22. Ne1 exd4 23. cxd4 Bd7 24. Nd3 Ng5 25. bxc6 bxc6 26. f3 Rb8 27. Rc3
Kf8 28. Kf2 f5 29. exf5 Bxf5 30. b3 Rb6 31. Nf4 Ke7 32. Re3+ Kd8 33. d5 c5 34.
Re2 Rb7 35. Ra2 Ke7 36. g4 Bd7 37. Ra8 Bb5 38. Bxb5 Rxb5 39. Ra7+ Kf8 40. Ng6+
Kg8 41. Ne7+ Kf8 42. Ng6+ Kg8 43. Ra3 Kf7 44. Nh4 g6 45. Ke3 Rb4 46. Ng2 Kf6
47. Nf4 Nf7 48. Nd3 Rd4 49. Nf4 Rb4 50. Nd3 Rd4 1/2-1/2

[Event "European Team-ch 2007"]
[Site "Crete GRE"]
[Date "2007.10.28"]
[Round "1.20"]
[White "Aristotelous, Vassilis"]
[Black "Schandorff, Lars"]
[Result "0-1"]
[WhiteElo "1960"]
[BlackElo "2520"]
[PlyCount "54"]
[EventDate "2007.10.28"]
[EventType "team"]
[EventRounds "9"]
[EventCountry "GRE"]
[Source "lmi"]
[SourceDate "2007.10.28"]
[WhiteTeam "Cyprus"]
[BlackTeam "Denmark"]
[WhiteTeamCountry "CYP"]
[BlackTeamCountry "DEN"]

1. e4 e5 2. d4 exd4 3. Nf3 Nc6 4. Bc4 Nf6 5. e5 Ne4 6. Bd5 Nc5 7. O-O Ne6 8. c3
dxc3 9. Nxc3 Be7 10. Qa4 O-O 11. Rd1 Qe8 12. Nb5 Nb4 13. Bc4 a5 14. Be3 c6 15.
Rac1 cxb5 16. Bxb5 Nc6 17. Qe4 f6 18. exf6 Bxf6 19. Bd3 Qh5 20. Bb1 Ne7 21. Rd6
Bxb2 22. Rcd1 Ra6 23. R6d2 Bf6 24. Nd4 d5 25. Qd3 Nxd4 26. Bxd4 Bxd4 27. Qxd4
Rh6 0-1

[Event "European Team-ch 2007"]
[Site "Crete GRE"]
[Date "2007.10.28"]
[Round "1.20"]
[White "Rasmussen, Karsten"]
[Black "Kassinopoullos, Doros"]
[Result "1-0"]
[WhiteElo "2495"]
[BlackElo "2121"]
[PlyCount "75"]
[EventDate "2007.10.28"]
[EventType "team"]
[EventRounds "9"]
[EventCountry "GRE"]
[Source "lmi"]
[SourceDate "2007.10.28"]
[WhiteTeam "Denmark"]
[BlackTeam "Cyprus"]
[WhiteTeamCountry "DEN"]
[BlackTeamCountry "CYP"]

1. Nf3 Nf6 2. c4 g6 3. d4 Bg7 4. g3 O-O 5. Bg2 c6 6. O-O d5 7. Qb3 Nbd7 8. cxd5
cxd5 9. Nc3 Nb6 10. Ne5 Bf5 11. a4 a5 12. Bf4 Ne4 13. Rac1 Nxc3 14. Rxc3 g5 15.
Nxf7 Rxf7 16. Bc7 Qe8 17. Bxb6 e6 18. Rfc1 Bg4 19. Qc2 Bf5 20. Qd1 Bf8 21. Bc5
Rc8 22. h3 h6 23. Qb3 Bg7 24. Bb6 Rxc3 25. bxc3 Qc6 26. Ra1 Bc2 27. Qb2 Bxa4
28. Bxa5 Bb5 29. Bb4 Ba6 30. Re1 Bc4 31. Qc2 Qa6 32. Qd1 Qa2 33. Bf3 b5 34. Bg4
Qa6 35. Qa1 Qc6 36. Qa5 e5 37. Qd8+ Rf8 38. Bxf8 1-0

[Event "European Team-ch 2007"]
[Site "Crete GRE"]
[Date "2007.10.29"]
[Round "2.1"]
[White "Aronian, Levon"]
[Black "Svidler, Peter"]
[Result "1/2-1/2"]
[WhiteElo "2741"]
[BlackElo "2732"]
[PlyCount "64"]
[EventDate "2007.10.28"]
[EventType "team"]
[EventRounds "9"]
[EventCountry "GRE"]
[Source "lmi"]
[SourceDate "2007.10.28"]
[WhiteTeam "Armenia"]
[BlackTeam "Russia"]
[WhiteTeamCountry "ARM"]
[BlackTeamCountry "RUS"]

1. Nf3 d5 2. d4 Nf6 3. c4 c6 4. e3 a6 5. Nc3 b5 6. c5 g6 7. Bd3 Bg7 8. e4 dxe4
9. Nxe4 O-O 10. Nxf6+ Bxf6 11. Be3 Bg4 12. Be4 Qc8 13. h3 Bf5 14. Qc2 Bxe4 15.
Qxe4 Rd8 16. a4 Qb7 17. O-O Rd5 18. Ne5 Nd7 19. axb5 Bxe5 20. bxc6 Qxc6 21.
dxe5 Rxc5 22. Qxc6 Rxc6 23. f4 Rb8 24. Bd4 Rc4 25. Rfd1 Nc5 26. Bxc5 Rxc5 27.
Rxa6 Rxb2 28. Ra3 Rcc2 29. Rg3 e6 30. h4 h5 31. Rd4 Kg7 32. Kh2 Re2 1/2-1/2